LEADER 01118nam a2200253 i 4500 001 991000802449707536 005 20020506124031.0 008 951221s1969 it ||| | ita 035 $ab10131644-39ule_inst 035 $aLE00637099$9ExL 040 $aDip.to Fisica$bita 084 $a53(091) 100 1 $aPetruccioli, Sandro$06389 245 12$aL'affermazione dell'autonomia della fisica teorica nell'Ottocento e l'opera di Henry Poincaré :$bproblemi storico-metodologici. Tesi di laurea /$cSandro Petruccioli ; curatore G. Jona-Lasinio 260 $aRoma :$bUniversità degli studi, Roma. Facoltà di Scienze,$ca.a. 1969-70 300 $a291 p. ;$c30 cm. 650 4$aScienza e filosofia 700 1 $aJona Lasinio, Giovanna 907 $a.b10131644$b02-04-14$c27-06-02 912 $a991000802449707536 945 $aLE006 53(091) PET$g1$i2006000011624$lle006$o-$pE0.00$q-$rl$s- $t0$u0$v0$w0$x0$y.i10154279$z27-06-02 996 $aAffermazione dell'autonomia della fisica teorica nell'Ottocento e l'opera di Henry Poincaré$9186082 997 $aUNISALENTO 998 $ale006$b01-01-95$cm$da $e-$fita$git $h2$i1 LEADER 01101nam0 22002651i 450 001 UON00326559 005 20231205104202.621 010 $a85-252-0059-X 100 $a20090715d1991 |0itac50 ba 101 $apor 102 $aBR 105 $a|||| ||||| 200 1 $aCrime e castigo no cordel$e(crime e pena no folheto de cordel e no romanceiro folclorico do Brasil)$fAdelino Brandao 210 $aRio de Janeiro$cPresença$d1991 215 $a115 p.$d21 cm. 606 $aLetteratura brasiliana$xStudi$3UONC063280$2FI 620 $aBR$dRio de Janeiro$3UONL001554 676 $a809.93351$cLetteratura su temi e soggetti specifici. Specifiche persone: reali, immaginarie, leggendarie, mitologiche.$v21 712 $aPresença$3UONV275618$4650 801 $aIT$bSOL$c20251121$gRICA 899 $aSIBA - SISTEMA BIBLIOTECARIO DI ATENEO$2UONSI 912 $aUON00326559 950 $aSIBA - SISTEMA BIBLIOTECARIO DI ATENEO$dSI IV 0533 $eSI LO 52815 5 0533 996 $aCrime e castigo no cordel$91369904 997 $aUNIOR